Electronic meeting systems. Results from the field.
Prehľad niektorých nových poznatkov, týkajúcich sa implementácie elektronických systémov stretnutia (EMS). Analýza práce v skupine s EMS a jej porovnanie s klasickými pracovnými postupmi. Implementácia pokusného systému EMS na Univerzite v Arizone a získané výsledky.
Salvato in:
| Autore principale: | |
|---|---|
| Altri autori: | , |
| Natura: | Capitolo di libro |
| Lingua: | inglese |
| Soggetti: | |
| Tags: |
Nessun Tag, puoi essere il primo ad aggiungerne!!
|
MARC
| LEADER | 00000naa a2200000 4500 | ||
|---|---|---|---|
| 001 | r009983 | ||
| 005 | 20221130112702.9 | ||
| 041 | 0 | |a eng | |
| 044 | |a NL | ||
| 245 | 1 | 0 | |a Electronic meeting systems. |b Results from the field. |c W.B. Martz, D.R. Vogel, J.F. Nunamaker |
| 520 | |a Prehľad niektorých nových poznatkov, týkajúcich sa implementácie elektronických systémov stretnutia (EMS). Analýza práce v skupine s EMS a jej porovnanie s klasickými pracovnými postupmi. Implementácia pokusného systému EMS na Univerzite v Arizone a získané výsledky. | ||
| 610 | 2 | 0 | |a DSS |
| 610 | 2 | 0 | |a meetingware |
| 610 | 2 | 0 | |a EMS |
| 610 | 2 | 0 | |a elektronika |
| 100 | 1 | |a Martz, W.B. | |
| 700 | 1 | |a Vogel, D.R. | |
| 700 | 1 | |a Nunamaker, J.F. | |